000 00548nam a22001937a 4500
003 AM-YEHGA
005 20250617164432.0
008 220217s1969 ne ||||| |||| 00| 0 dut d
040 _aAM-YeHGA
041 0 _adut
100 1 _aHübschmann, Heinrich
245 1 4 _aDie altarmenischen Ortsnamen :
_bmit Beiträgen zur historischen Topographie Armeniens /
_cHeinrich Hübschmann.
260 _aAmsterdam,
_bOriental Press,
_c1969.
300 _a490 p.
650 1 4 _aGeography
_zArmenia
942 _2udc
_cBK
001 1819135
090 _c530089
999 _c523771
_d523771